Text Book of Differential Equations (Record no. 7126)

MARC details
000 -LEADER
fixed length control field 00328nam a2200145Ia 4500
003 - CONTROL NUMBER IDENTIFIER
control field OSt
008 - FIXED-LENGTH DATA ELEMENTS--GENERAL INFORMATION
fixed length control field 191201s2012 xx 000 0 und d
082 ## - DEWEY DECIMAL CLASSIFICATION NUMBER
Classification number 512.94
Item number KAT
100 ## - MAIN ENTRY--PERSONAL NAME
Personal name KAPOOR, NM
245 #0 - TITLE STATEMENT
Title Text Book of Differential Equations
260 ## - PUBLICATION, DISTRIBUTION, ETC. (IMPRINT)
Name of publisher, distributor, etc Pitambar
Date of publication, distribution, etc 2012
300 ## - PHYSICAL DESCRIPTION
Extent 847
650 ## - SUBJECT ADDED ENTRY--TOPICAL TERM
Topical term or geographic name as entry element Applied
942 ## - ADDED ENTRY ELEMENTS (KOHA)
Source of classification or shelving scheme Dewey Decimal Classification
Koha item type Text Books
Holdings
Withdrawn status Lost status Source of classification or shelving scheme Damaged status Not for loan Collection code Home library Current library Date acquired Source of acquisition Cost, normal purchase price Bill Number Total Checkouts Full call number Acc. no. / Barcode Date last seen Actual Cost, discounted price Bill Date Koha item type
    Dewey Decimal Classification     Applied Sc. PIET C-LIBRARY PIET C-LIBRARY 21/07/2020 Amar Hind Book Depot 495.00 4194   512.94 KAT 31493 04/12/2019 420.75 22/06/2019 Text Books

Design & Developed by: PIET Central Library
R70 Miles Stone Pattikalyana Samalkha Panipat 132102
mail ID :- [email protected], Phone No:- 0180-2569700 Ex.216